000 00577nas a2200205 4500
001 BR9505529
003 BR-BrBNA
005 20231205094430.0
007 ta
008 230509b bl.|||p| |||| 00| 00por d
040 _aBR-BrBNA
_bpor
_cBiblioteca Nacional de Agricultura
041 _a(Pt)
072 _aF01
100 1 _aBlossfela, H.
245 1 _aO Jardim rural
650 _aJardim
773 0 _tChacaras e Quintais. Agricultura e Pecuaria (Brazil)
_x
_g(Jul 1965), v. 112(1) p. 192-198
_wBR9505529
909 _a202311
_bLúcia
_c55
_dLúcia Elande
942 _2AGRIS
_n0
_cANA
999 _c144280
_d144280